Cartilla Retencin̤ en la Fuente

Bibliographic Details
Main Author: Chavarro Cadena, Jorge Enrique
Format: eBook
Language:Spanish
Published: Bogot:̀ Nueva legislacin̤, 2013
Subjects:
Online Access:Acceso restringido

MARC

LEADER 00000nam a22000007a 4500
005 20130708191111.0
007 cr|||| ||||
008 130708s2013 co |||||s|||| 00||0 spa d
020 |a 978-958-8802-03-9 
035 |a 11367 
040 |a vLex 
090 |c 4392  |d 4392 
100 1 |a Chavarro Cadena, Jorge Enrique 
245 1 0 |a Cartilla Retencin̤ en la Fuente  |h [Recurso electrn̤ico] /  |c Jorge Enrique Chavarro Cadena, Guillermo Cortes Guzman  
256 |a Servicio en ln̕ea 
260 |a Bogot:̀  |b Nueva legislacin̤,  |c 2013 
300 |a 1 recurso electrn̤ico 
506 1 |a Contenido solo disponible en los productos indicados  |d vLex Global  |d vLex Global (Academic Edition, excluding Law Schools)  |d vLex Global (U.S. Academic Edition, Law Schools)  |d vLex Global (U.S. Academic Edition, excluding Law Schools)  |d vLex Global (Academic Edition, Law Schools) 
650 0 4 |a Fiscalidad  |z Colombia 
650 0 4 |a Impuestos  |z Colombia 
740 0 |a vLex Libros (Servicio en ln̕ea) 
856 4 0 |u http://vlex.com/source/cartilla-retencion-fuente-11367  |z Acceso restringido 
942 |c BOOK 
999 0 |a Taxation